|
|
|
|
| LEADER |
01036pam a22003258a 4500 |
| 001 |
00032296 |
| 005 |
20171026081025.0 |
| 008 |
140605s2009 ||||||engsd |
| 020 |
# |
# |
|a 9780071258197
|c 115000
|
| 041 |
0 |
# |
|a eng
|
| 082 |
1 |
4 |
|a 428
|b I400N
|
| 100 |
0 |
# |
|a Werner, Patricia K.
|
| 245 |
1 |
0 |
|a Interactions 2
|b Grammar
|c Patricia K. Werner, John P. Nelson
|
| 250 |
# |
# |
|a Silver edition
|
| 260 |
# |
# |
|a TP Hồ Chí Minh
|b McGraw-Hill Contemporary; Tổng hợp TP Hồ Chí Minh
|c 2009
|
| 300 |
# |
# |
|a xix,422 p.
|b ill.
|c 26 cm.
|
| 490 |
0 |
# |
|a Tủ sách tiếng Anh cho sinh viên
|
| 653 |
# |
# |
|a Ngôn ngữ
|
| 653 |
# |
# |
|a Ngữ pháp
|
| 653 |
# |
# |
|a Tiếng Anh
|
| 653 |
# |
# |
|a Tự học
|
| 700 |
1 |
# |
|a Nelson, John P.
|
| 852 |
# |
# |
|b Kho mượn
|j KM.0016943, KM.0016944
|
| 852 |
# |
# |
|b Kho đọc
|j KD.0001351
|
| 852 |
# |
# |
|j KM.0016944
|j KD.0001351
|j KM.0016943
|
| 910 |
0 |
# |
|d 5/6/2014
|
| 980 |
# |
# |
|a Trung tâm Học liệu Lê Vũ Hùng, Trường Đại học Đồng Tháp
|